Radiative processes in astrophysics
Na minha lista:
| Principais autores: | , |
|---|---|
| Formato: | Livro |
| Idioma: | inglês |
| Publicado em: |
Weinheim
Wiley-VCH
2004
|
| coleção: | Physics Textbook
|
| Assuntos: | |
| Tags: |
Adicionar Tag
Sem tags, seja o primeiro a adicionar uma tag!
|
MARC
| LEADER | 00000cam a2200000 a 4500 | ||
|---|---|---|---|
| 001 | UCE6571 | ||
| 003 | CL-VaPUC | ||
| 008 | 150423e20040000gw |||||||||||||||||eng|d | ||
| 020 | |a 9780471827597 | ||
| 082 | 0 | 4 | |a 523.0192 |b RYB |2 21 |
| 100 | 0 | |a Rybicki, George B |e author |9 579222 | |
| 700 | 0 | |a Lightman, Alan P |e author |9 579223 | |
| 245 | 1 | 0 | |a Radiative processes in astrophysics |
| 300 | |a 382 p | ||
| 942 | |c BK | ||
| 945 | |d 20150423 11:40:00 |a cmena | ||
| 260 | |a Weinheim |b Wiley-VCH |c 2004 | ||
| 650 | 0 | |a Radiación |9 259874 | |
| 650 | 0 | |a Astrofísica |9 269137 | |
| 650 | 7 | |a CAMPOS ELECTROMAGNETICOS |2 CL-VaPUC |9 264139 | |
| 650 | 0 | |a Cinemática |9 260942 | |
| 583 | |a last modification |c 20150423 11:40:00 |k Rodrigo Vera | ||
| 490 | 0 | |a Physics Textbook | |
| 999 | |c 358867 |d 358865 | ||
| 952 | |0 0 |1 0 |3 erb |4 0 |6 523_019200000000000_RYB_2004 |7 0 |8 A |9 467806 |a BIBCUR |b BIBCUR |i 5146739 |l 2 |o 523.0192 RYB 2004 |p 5146739 |r 2025-04-22 |s 2022-10-11 |w 2019-11-23 |y BK |z Catalogado en:20150423 |k FIS | ||